01168 2200349 4500001002100000005001500021035002000036007000300056008004100059020002200100040002200122082001700144084001900161090002300180090002200203100002500225245012200250250003500372300005100407700002600458700002800484700004100512850001200553504003100565264006800596336002100664337003000685338002300715651003600738999002200774990002200796INLIS00000000085675820210217030857 a0010-0221000076ta210217s2019 yoia g ind d a978-623-91488-2-9 aYOPDYOGbinderda04223a959.8265 a959.8265 CHA w aDEP 959.8265 CHA w aCB-D.11 2019-31871 aChawari, M.epenulis10aWajah kota lama Semarang /cpenulis, M. Chawari, Novida Abbas, Sugeng Riyanto; penyunting, Irfanuddin Wahid Marzuki. aCetakan pertama, November 2019 ax, 89 halaman :bFoto berwarna, tabel ;c25 cm0 aNovida Abbasepenulis0 aSugeng Riyantoepenulis0 aIrfanuddin Wahid Marzukiepenyunting aYOPDYOG aBibliografi: halaman 81-8531aYogyakarta :bBalai Arkeologi Daerah Istimewa Yogyakarta,c2019 2rdacontentateks 2rdamediaatanpa perantara 2rdacarrieravolume 4aSemarang--xBangunan bersejarah aCB-D.11/2019-3187 aCB-D.11/2019-3187